000 00882nam a22002177a 4500
999 _c17364
_d17364
005 20251125232856.0
008 s2511 th tha d
040 _aNALT
041 _atha
100 0 _aหยุด แสงอุทัย
245 1 0 _aคำอธิบายประมวลกฎหมายอาญา ศึกษาทางคำพิพากษาฎีกา [2nd]
260 3 _aพระนคร :
_bเกษมบรรณกิจ,
_c2511
300 _a1740 หน้า ;
_b 19 ซม.
650 0 4 _aกฎหมายอาญา -- คำอธิบาย
650 0 4 _aความผิด (กฎหมาย)
850 _aNALT
856 4 0 _uhttps://hdl.handle.net/20.500.14156/460804
_71
942 _cLB
_2lcc
998 _j25
_k นีลวัสน์ อินทรักษา
090 _aKS13 ห257ค 2511